<?xml version="1.0" encoding="UTF-8"?>
<collection xmlns="http://www.loc.gov/MARC21/slim">
<record>
  <controlfield tag="001">107100</controlfield>
  <controlfield tag="005">20210909132526.0</controlfield>
  <datafield tag="037" ind1=" " ind2=" ">
    <subfield code="a">TAZ-TFG-2021-1067</subfield>
  </datafield>
  <datafield tag="041" ind1=" " ind2=" ">
    <subfield code="a">spa</subfield>
  </datafield>
  <datafield tag="100" ind1="1" ind2=" ">
    <subfield code="a">Pellicer García, Ana</subfield>
  </datafield>
  <datafield tag="242" ind1="0" ind2="0">
    <subfield code="a">Theory of Cognitive Reserve in the Elderly</subfield>
  </datafield>
  <datafield tag="245" ind1="0" ind2="0">
    <subfield code="a">Teoría de la reserva cognitiva en personas mayores</subfield>
  </datafield>
  <datafield tag="260" ind1=" " ind2=" ">
    <subfield code="a">Zaragoza</subfield>
    <subfield code="b">Universidad de Zaragoza</subfield>
    <subfield code="c">2021</subfield>
  </datafield>
  <datafield tag="506" ind1=" " ind2=" ">
    <subfield code="a">by-nc-sa</subfield>
    <subfield code="b">Creative Commons</subfield>
    <subfield code="c">3.0</subfield>
    <subfield code="u">http://creativecommons.org/licenses/by-nc-sa/3.0/</subfield>
  </datafield>
  <datafield tag="520" ind1=" " ind2=" ">
    <subfield code="a">Debido al aumento de esperanza de vida en la sociedad que conllevaría a un aumento de enfermedades neurodegenerativas asociadas a la edad y al descubrimiento de sujetos con el mismo diagnóstico y diferente sintomatología surge el constructo de reserva cognitiva, la cual se asocia a la capacidad del cerebro para tolerar mejor los efectos de la patología asociada a la demencia compensando el daño mediante el uso de conexiones neuronales alternativas. Se realiza una revisión bibliográfica con tales objetivos: comprobar qué factores son relevantes en la formación de reserva cognitiva y estudiar si contribuyen a retrasar la aparición de los síntomas de la patología; además de analizar cómo la estimulación y entrenamiento cognitivo a lo largo de la vida nos pueden llevar a un envejecimiento más satisfactorio. Se realiza una búsqueda en las bases de datos Pubmed, Google académico, Dialnet, Otseeker, Science Direct y ProQuest, y el buscador AlcorZe como herramienta de ayuda obteniendo 10 artículos. Los factores que contribuyen a la construcción de RC son factores personales-contextuales destacando la educación, logro ocupacional y actividades de ocio. La estimulación cognitiva puede llevar a retrasar la sintomatología de la patología. Se plantea una necesidad de generar intervenciones de estimulación cognitiva y nuevos estudios sobre el tema en cuestión para poder prevenir enfermedades neurodegenerativas o retrasar su sintomatología.&lt;br />&lt;br /></subfield>
  </datafield>
  <datafield tag="521" ind1=" " ind2=" ">
    <subfield code="a">Graduado en Terapia Ocupacional</subfield>
  </datafield>
  <datafield tag="540" ind1=" " ind2=" ">
    <subfield code="a">Derechos regulados por licencia Creative Commons</subfield>
  </datafield>
  <datafield tag="700" ind1=" " ind2=" ">
    <subfield code="a">Torres Sánchez, Reyes</subfield>
    <subfield code="e">dir.</subfield>
  </datafield>
  <datafield tag="710" ind1="2" ind2=" ">
    <subfield code="a">Universidad de Zaragoza</subfield>
    <subfield code="b">Psicología y Sociología</subfield>
    <subfield code="c"></subfield>
  </datafield>
  <datafield tag="856" ind1="0" ind2=" ">
    <subfield code="f">758538@unizar.es</subfield>
  </datafield>
  <datafield tag="856" ind1="4" ind2=" ">
    <subfield code="s">350664</subfield>
    <subfield code="u">http://zaguan.unizar.es/record/107100/files/TAZ-TFG-2021-1067.pdf</subfield>
    <subfield code="y">Memoria (spa)</subfield>
  </datafield>
  <datafield tag="909" ind1="C" ind2="O">
    <subfield code="o">oai:zaguan.unizar.es:107100</subfield>
    <subfield code="p">driver</subfield>
    <subfield code="p">trabajos-fin-grado</subfield>
  </datafield>
  <datafield tag="950" ind1=" " ind2=" ">
    <subfield code="a"></subfield>
  </datafield>
  <datafield tag="980" ind1=" " ind2=" ">
    <subfield code="a">TAZ</subfield>
    <subfield code="b">TFG</subfield>
    <subfield code="c">EUCS</subfield>
  </datafield>
  <datafield tag="999" ind1=" " ind2=" ">
    <subfield code="a">20210610103610.CREATION_DATE</subfield>
  </datafield>
  <datafield tag="951" ind1=" " ind2=" ">
    <subfield code="a">deposita:2021-09-09</subfield>
  </datafield>
</record>
</collection>